LEADER 01210nam 2200421 450 001 9910466620803321 005 20200520144314.0 010 $a80-246-3646-8 035 $a(CKB)4100000004822007 035 $a(MiAaPQ)EBC5402057 035 $a(Au-PeEL)EBL5402057 035 $a(CaPaEBR)ebr11565271 035 $a(OCoLC)1038491809 035 $a(EXLCZ)994100000004822007 100 $a20180802d2018 uy 0 101 0 $acze 135 $aurcnu|||||||| 181 $ctxt$2rdacontent 182 $cc$2rdamedia 183 $acr$2rdacarrier 200 10$aKvantova? Mechanika II /$fJan Kli?ma, B. Velicky? 210 1$aPraha :$cUniverzita Karlova, Nakladatelstvi? Karolinum,$d[2018] 210 4$dİ2018 215 $a1 online resource (373 pages) 311 $a80-246-3623-9 606 $aQuantum theory$xStatistical methods 608 $aElectronic books. 615 0$aQuantum theory$xStatistical methods. 676 $a530.12015195 700 $aKli?ma$b Jan$0949690 702 $aVelicky?$b B. 801 0$bMiAaPQ 801 1$bMiAaPQ 801 2$bMiAaPQ 906 $aBOOK 912 $a9910466620803321 996 $aKvantova? Mechanika II$92193022 997 $aUNINA LEADER 01220cam0-22003371i-450 001 990001678190403321 005 20230328153043.0 035 $a000167819 035 $aFED01000167819 035 $a(Aleph)000167819FED01 035 $a000167819 100 $a20030910d1896----km-y0itay50------ba 101 0 $aita 102 $aIT 105 $ay-------001yy 200 1 $aRelazione sulla colonizzazione dell'ex-bosco Montello in esecuzione della legge 21 febbraio 1892, n. 57$fMinistero di Agricoltura, Industria e Commercio 210 $aRoma$cTip. della Camera dei Deputati$d1896 215 $a204 p.$d26 cm 610 0 $aEstimo rurale 676 $a333.335 710 01$aItalia.$bDirezione generale dell'agricoltura$069754 801 0$aIT$bUNINA$gRICA$2UNIMARC 856 4 $zVisualizza la versione elettronica in EROMM$uhttps://babel.hathitrust.org/cgi/pt?id=hvd.hnpvmv&view=1up&seq=5$e20230328 901 $aBK 912 $a990001678190403321 952 $a074.022.MIN$b3402$fDECGE 952 $a60 333.332 B 26$b5351$fFAGBC 959 $aDECGE 959 $aFAGBC 996 $aRelazione sulla colonizzazione dell'ex-bosco Montello in esecuzione della legge 21 febbraio 1892, n. 57$9371304 997 $aUNINA